000 00609 a2200157 4500
020 _a0-12-369426-4
020 _a0-12-369426-4
040 _aDLC
_bDLC
082 _a621.382
245 1 0 _aWireless networks: from the physical layer to communication, computing, sensing and controld
_bfrom the physical layer to communication, computing, sensing and controld
_cedited by Giorgio Franceschetti, Sabatino Stornelli
260 _aAmsterdam:
_bEslsevier,
_ccop. 2006
300 _axxviii, 326 s.:
_bill.
700 1 _aFranceschetti, Giorgio
_4oth
700 1 _aStornelli, Sabatino
_4oth
942 _cBK
_k621.382 FRA
_2ddc
999 _c8124
_d8124